[Event "32nd ECC Open 2016"]
[Site "Novi Sad SRB"]
[Date "2016.11.10"]
[Round "5.29"]
[Board "3"]
[White "Tirziman, Rudolf"]
[Black "Fioramonti, Hung"]
[Result "0-1"]
[BlackTitle "IM"]
[WhiteElo "1991"]
[BlackElo "2325"]
[WhiteTeam "Trinity College Dublin"]
[BlackTeam "Club d'Echecs de Geneve"]
[WhiteFideId "2508664"]
[BlackFideId "1300202"]
[EventDate "2016.11.06"]

1. e4 Nf6 2. e5 Nd5 3. d4 d6 4. Nf3 Bg4 5. Be2 e6 6. c4 Nb6 7. O-O Be7 8. h3 Bh5
9. Nc3 O-O 10. Be3 a6 11. b3 N8d7 12. g4 Bg6 13. Qc1 dxe5 14. Nxe5 Nxe5 15. dxe5
Qc8 16. Bg5 Bc5 17. h4 h6 18. Be3 Be7 19. h5 Bh7 20. Bf4 Rd8 21. Qe3 Rd7 22.
Rad1 Qf8 23. g5 hxg5 24. Bxg5 Rad8 25. Rxd7 Rxd7 26. Bf4 Bf5 27. Kh1 Kh8 28. Rg1
Qg8 29. Ne4 Qh7 30. Ng5 Bxg5 31. Rxg5 Nc8 32. Rg1 Ne7 33. Rd1 Rxd1+ 34. Bxd1
Be4+ 35. Kh2 Qf5 36. Qg3 Bc6 37. h6 Ng6 38. hxg7+ Kg8 39. Be3 Qe4 40. Kh3 Qh1+
41. Kg4 Qxd1+ 42. Kg5 Kxg7 43. f4 Qc2 44. Qh3 Qg2+ 45. Qxg2 Bxg2 46. b4 Bf1 47.
c5 Bd3 48. Bf2 Nf8 49. Bd4 Nh7+ 50. Kh5 Be2+ 51. Kh4 Kg6 52. c6 b5 53. Bb6 Bf3
54. Bxc7 Bxc6 55. Bb6 Kf5 56. Be3 Nf8 57. Kg3 Ng6 58. a3 Ne7 59. Bc1 Be4 60. Bd2
Bc2 61. Bc1 Bd1 62. Bd2 Ke4 63. Kh4 Kd3 64. Be1 Ke2 65. Bc3 Nd5 66. Bd4 Nxf4 67.
Kg5 Nd5 68. Kh6 Bc2 69. Bc5 Bg6 70. Kg5 Kd3 71. Kg4 Kc3 0-1

[Event "32nd ECC Open 2016"]
[Site "Novi Sad SRB"]
[Date "2016.11.10"]
[Round "5.29"]
[Board "5"]
[White "Delaney, Rory"]
[Black "Landenbergue, Claude"]
[Result "1/2-1/2"]
[BlackTitle "IM"]
[WhiteElo "1967"]
[BlackElo "2334"]
[WhiteTeam "Trinity College Dublin"]
[BlackTeam "Club d'Echecs de Geneve"]
[WhiteFideId "2502208"]
[BlackFideId "1300130"]
[EventDate "2016.11.06"]

1. c4 e5 2. g3 Nf6 3. Bg2 d5 4. cxd5 Nxd5 5. Nc3 Ne7 6. Nf3 Nbc6 7. O-O g6 8.
Rb1 Bg7 9. b4 a6 10. a3 O-O 11. Bb2 Re8 12. d3 Rb8 13. Ne4 Nf5 14. Nc5 Ncd4 15.
e3 Nxf3+ 16. Bxf3 c6 17. Qc2 h5 18. Nb3 h4 19. Rfd1 Qe7 20. Qc5 Qf6 21. Bg2 Be6
22. Nd2 Qd8 23. Nc4 hxg3 24. hxg3 Bxc4 25. Qxc4 Qe7 26. Qb3 Rbd8 27. Rbc1 Qc7
28. Be4 Qd7 29. Rc5 Nd6 30. Bg2 Qe7 31. Rc2 Qg5 32. Rc5 Qg4 33. Re1 Qd7 34. Rd1
Qe7 1/2-1/2

[Event "32nd ECC Open 2016"]
[Site "Novi Sad SRB"]
[Date "2016.11.10"]
[Round "5.29"]
[Board "6"]
[White "Kovacevic, Vladimir"]
[Black "Benson, Oisin P."]
[Result "1-0"]
[WhiteElo "2160"]
[BlackElo "1972"]
[WhiteTeam "Club d'Echecs de Geneve"]
[BlackTeam "Trinity College Dublin"]
[WhiteFideId "906662"]
[BlackFideId "2501821"]
[EventDate "2016.11.06"]

1. e4 c5 2. Nf3 d6 3. Bb5+ Bd7 4. Bxd7+ Qxd7 5. O-O Nf6 6. c3 Nc6 7. Re1 c4 8.
Na3 Na5 9. e5 Ng4 10. exd6 e6 11. h3 Nf6 12. Ne5 Qxd6 13. Qa4+ Nc6 14. Naxc4 Qc7
15. Nxc6 bxc6 16. d4 Rc8 17. Bg5 Be7 18. Bxf6 gxf6 19. Re3 O-O 20. Qa5 Qb8 21.
Qh5 Kh8 22. Rae1 Rcd8 23. Qh4 Qb5 24. b3 a5 25. Ne5 Qd5 26. Rg3 f5 27. Qh6 1-0

[Event "32nd ECC Open 2016"]
[Site "Novi Sad SRB"]
[Date "2016.11.10"]
[Round "5.30"]
[Board "1"]
[White "Feygin, Michael"]
[Black "Guxho, Clirim"]
[Result "1-0"]
[WhiteTitle "GM"]
[WhiteElo "2473"]
[BlackElo "2101"]
[WhiteTeam "KSK Rochade Eupen-Kelmis"]
[BlackTeam "Butrinti"]
[WhiteFideId "14103109"]
[BlackFideId "4700996"]
[EventDate "2016.11.06"]

1. d4 Nf6 2. Nc3 d5 3. Bg5 Bf5 4. e3 Nbd7 5. Nf3 c6 6. Bd3 Ne4 7. Bxe4 Bxe4 8.
Nxe4 dxe4 9. Nd2 Qa5 10. Bh4 h5 11. h3 g5 12. Bg3 h4 13. Bh2 O-O-O 14. c3 f5 15.
b4 Qb5 16. a4 Qd3 17. Qb3 f4 18. Rd1 f3 19. Nxf3 Qa6 20. Nxg5 Bh6 21. Ne6 b5 22.
axb5 Qxb5 23. c4 Qf5 24. Qa4 Kb7 25. Ra1 a5 1-0

[Event "32nd ECC Open 2016"]
[Site "Novi Sad SRB"]
[Date "2016.11.10"]
[Round "5.30"]
[Board "2"]
[White "Mihasi, Lime"]
[Black "Coenen, Michael"]
[Result "0-1"]
[WhiteElo "2039"]
[BlackElo "2393"]
[WhiteTeam "Butrinti"]
[BlackTeam "KSK Rochade Eupen-Kelmis"]
[WhiteFideId "4700252"]
[BlackFideId "4697367"]
[EventDate "2016.11.06"]

1. e4 e5 2. Nf3 Nc6 3. Bb5 a6 4. Ba4 Nf6 5. O-O Be7 6. Re1 b5 7. Bb3 O-O 8. c3
d5 9. exd5 Nxd5 10. Nxe5 Nxe5 11. Rxe5 c6 12. d4 Bd6 13. Re1 Qh4 14. g3 Qh3 15.
Qd3 Bf5 16. Qf1 Qh5 17. Be3 Bh3 18. Qe2 Qg6 19. Nd2 Rae8 20. Qf3 Bg4 21. Qg2 Qf5
22. a4 Re7 23. axb5 axb5 24. Ra6 Qc8 25. Bxd5 Qxa6 26. Bxc6 Qa2 27. Qd5 Qxd5 28.
Bxd5 Ra7 29. Ne4 Be7 30. Bb3 Bf3 31. Nd2 Ba8 32. f3 Rd8 33. Bf2 Kf8 34. Re5 b4
35. Kg2 Rc7 36. Re3 Bg5 37. Rd3 bxc3 38. bxc3 Bxd2 39. Rxd2 Bxf3+ 40. Kxf3 Rxc3+
41. Ke4 Rxb3 42. d5 Rb5 43. g4 Re8+ 44. Kf3 Ke7 45. Bg3 Kd7 46. d6 Rb3+ 47. Kg2
Reb8 48. Rd1 R3b4 49. Re1 Re8 50. Rf1 f6 51. g5 Rb2+ 52. Kh3 Re6 53. Ra1 Rb7 54.
gxf6 Rxf6 55. Re1 Re6 56. Rf1 Ke8 57. Ra1 Kf7 58. Rd1 Rd7 59. Rf1+ Kg6 60. Rg1
Re3 61. Kh4 Re4+ 62. Kh3 h5 63. Bh4+ Kh6 64. Be7 Rb7 65. Rd1 Rg4 66. Rd3 Rd7 67.
Rc3 Rd4 68. Rg3 Rb7 69. Bg5+ Kh7 70. Be7 Rb5 71. Bf8 g5 72. Be7 Kg6 73. Ra3 Rb2
74. Re3 Rbd2 75. Re6+ Kf5 76. Re3 h4 77. Rf3+ Kg6 78. Re3 Kh5 79. Bxg5 Kxg5 0-1

[Event "32nd ECC Open 2016"]
[Site "Novi Sad SRB"]
[Date "2016.11.10"]
[Round "5.30"]
[Board "3"]
[White "Klein, Felix"]
[Black "Mejdini, Murat"]
[Result "1-0"]
[WhiteTitle "FM"]
[WhiteElo "2321"]
[BlackElo "1989"]
[WhiteTeam "KSK Rochade Eupen-Kelmis"]
[BlackTeam "Butrinti"]
[WhiteFideId "24600458"]
[BlackFideId "4700244"]
[EventDate "2016.11.06"]

1. e4 e6 2. d4 d5 3. Nc3 Nf6 4. e5 Nfd7 5. f4 c5 6. Nf3 Nc6 7. Be3 cxd4 8. Nxd4
Qb6 9. Qd2 Nxd4 10. Bxd4 Qd8 11. O-O-O Bb4 12. Qe3 Bxc3 13. Bxc3 Nb6 14. Bb4 Qc7
15. Bd6 Qc6 16. Qg3 Bd7 17. Qxg7 O-O-O 18. h4 f5 19. Rh3 Na4 20. Rb3 Rhg8 21.
Qf7 a6 22. Rd4 Nb6 23. Rc3 Qxc3 24. bxc3 Rg3 25. Rb4 1-0

[Event "32nd ECC Open 2016"]
[Site "Novi Sad SRB"]
[Date "2016.11.10"]
[Round "5.30"]
[Board "4"]
[White "Karralliu, Fuat"]
[Black "Meessen, Rudolf"]
[Result "0-1"]
[BlackTitle "FM"]
[WhiteElo "1931"]
[BlackElo "2297"]
[WhiteTeam "Butrinti"]
[BlackTeam "KSK Rochade Eupen-Kelmis"]
[WhiteFideId "4702166"]
[BlackFideId "202029"]
[EventDate "2016.11.06"]

1. e4 e6 2. f4 d5 3. e5 c5 4. Bb5+ Nc6 5. Nf3 Qb6 6. Bxc6+ bxc6 7. O-O c4+ 8.
Kh1 Nh6 9. Qe2 Ba6 10. c3 Be7 11. h3 Nf5 12. Kh2 h5 13. Na3 h4 14. Nc2 Ng3 15.
Qf2 Nxf1+ 16. Qxf1 O-O-O 17. Qg1 Qxg1+ 18. Kxg1 c5 19. b3 Rd7 20. Ba3 cxb3 21.
axb3 Bd3 22. Nce1 Bf5 23. d4 cxd4 24. Bxe7 Rxe7 25. Nxd4 Be4 26. Kf2 Kb7 27.
Nef3 Bxf3 28. gxf3 Rc8 29. Rc1 Kb6 30. Ke2 a5 31. Kd3 g6 32. Rc2 Ra7 33. Rb2
Rac7 34. Rc2 Rc5 35. Kd2 Kc7 36. Kd3 Kd7 37. Kd2 a4 38. bxa4 Rc4 39. a5 Ra4 40.
Rb2 Rxa5 41. Rb7+ Rc7 42. Rb2 Ra1 43. Rb6 Ra2+ 44. Kd3 Rh2 45. Nb5 Rxh3 46. Ke3
Rc4 47. Ra6 Re4+ 48. Kd2 Rh2+ 49. Kd3 Ree2 50. Ra7+ Kd8 51. Kd4 Ra2 52. Rxf7
Rhb2 53. Nd6 h3 54. Kc5 h2 55. Rf8+ Kc7 56. Rf7+ Kb8 57. Rf8+ Ka7 58. Nc8+ Ka6
59. Rf7 0-1

[Event "32nd ECC Open 2016"]
[Site "Novi Sad SRB"]
[Date "2016.11.10"]
[Round "5.30"]
[Board "5"]
[White "Ahn, Martin"]
[Black "Mihasi, Erald"]
[Result "1-0"]
[WhiteTitle "FM"]
[WhiteElo "2236"]
[BlackElo "1845"]
[WhiteTeam "KSK Rochade Eupen-Kelmis"]
[BlackTeam "Butrinti"]
[WhiteFideId "200972"]
[BlackFideId "4700902"]
[EventDate "2016.11.06"]

1. e4 d5 2. exd5 Qxd5 3. Nc3 Qa5 4. Bc4 Nf6 5. d4 c6 6. Ne2 Bf5 7. Ng3 Bg6 8.
O-O e6 9. f4 Be7 10. Qe2 Nh5 11. Nce4 Nxg3 12. Nxg3 Kf8 13. f5 exf5 14. Bd2 Qd8
15. Nxf5 Bf6 16. Bb4+ Kg8 17. Be7 Bxe7 18. Nxe7+ 1-0

[Event "32nd ECC Open 2016"]
[Site "Novi Sad SRB"]
[Date "2016.11.10"]
[Round "5.31"]
[Board "1"]
[White "Zeidler, Sven P."]
[Black "Jones, Iolo C"]
[Result "1/2-1/2"]
[WhiteTitle "FM"]
[BlackTitle "FM"]
[WhiteElo "2185"]
[BlackElo "2172"]
[WhiteTeam "Abergavenny"]
[BlackTeam "Cardigan"]
[WhiteFideId "1800604"]
[BlackFideId "1800094"]
[EventDate "2016.11.06"]

1. e4 e5 2. Nf3 Nf6 3. Nxe5 d6 4. Nf3 Nxe4 5. d3 Nf6 6. d4 d5 7. Bd3 Bd6 8. O-O
O-O 9. h3 Nc6 10. Nc3 Nb4 11. Bg5 h6 12. Bh4 Be6 13. Ne5 Nc6 14. Nxc6 bxc6 15.
Na4 Be7 16. Re1 Nd7 17. Bxe7 Qxe7 18. Re3 Rab8 19. c4 Qf6 20. Rc1 dxc4 21. Bxc4
Bxc4 22. Rxc4 Nb6 23. Nxb6 cxb6 24. Qf3 Qxf3 25. Rxf3 Rfc8 26. Rfc3 Rd8 27. Kf1
Rd6 28. Ke2 Re8+ 29. Re3 Kf8 30. Rxe8+ Kxe8 1/2-1/2

[Event "32nd ECC Open 2016"]
[Site "Novi Sad SRB"]
[Date "2016.11.10"]
[Round "5.31"]
[Board "2"]
[White "Heap, Gerry"]
[Black "Morris, Charles F"]
[Result "1/2-1/2"]
[WhiteElo "2060"]
[BlackElo "2132"]
[WhiteTeam "Cardigan"]
[BlackTeam "Abergavenny"]
[WhiteFideId "415650"]
[BlackFideId "1800140"]
[EventDate "2016.11.06"]

1. Nf3 d5 2. g3 Nf6 3. Bg2 e6 4. O-O c5 5. c4 Be7 6. cxd5 exd5 7. d4 Nc6 8. Nc3
O-O 9. Bg5 cxd4 10. Nxd4 h6 11. Bf4 Be6 12. Nxe6 fxe6 13. Qb3 Qb6 14. Qxb6 axb6
15. Bd2 Bc5 16. e3 Ne5 17. Nb5 Ne4 18. Bxe4 dxe4 19. Bc3 Nf3+ 20. Kg2 Rad8 21.
Rfd1 g5 22. h3 e5 23. a3 Rd3 24. Bb4 Bxb4 25. axb4 Rb3 26. Nc3 Rxb2 27. Rab1
Ne1+ 28. Rxe1 Rfxf2+ 29. Kg1 Rg2+ 30. Kh1 Rh2+ 31. Kg1 1/2-1/2

[Event "32nd ECC Open 2016"]
[Site "Novi Sad SRB"]
[Date "2016.11.10"]
[Round "5.31"]
[Board "3"]
[White "Powell, Lloyd"]
[Black "Van Kemenade, Rudy"]
[Result "1/2-1/2"]
[WhiteElo "2072"]
[BlackElo "1969"]
[WhiteTeam "Abergavenny"]
[BlackTeam "Cardigan"]
[WhiteFideId "1801406"]
[BlackFideId "410942"]
[EventDate "2016.11.06"]

1. d4 Nf6 2. Nf3 g6 3. c4 Bg7 4. Nc3 O-O 5. e4 d6 6. Be2 e5 7. O-O Nc6 8. d5 Ne7
9. Nd2 Ne8 10. b4 f5 11. c5 Kh8 12. f3 f4 13. Nc4 g5 14. a4 Rf7 15. Ba3 Bf8 16.
a5 Ng6 17. Ra2 h5 18. h3 Rg7 19. b5 dxc5 20. b6 cxb6 21. axb6 a6 22. Na4 Nd6 23.
Nxd6 Bxd6 24. Rb2 Qe7 25. Rc2 g4 26. fxg4 hxg4 27. Bxg4 Bxg4 28. Qxg4 Nh4 29.
Qe6 Qg5 30. g4 Rd8 31. Bxc5 Re7 32. Qxd6 Rxd6 33. Bxd6 Rd7 34. Bc7 f3 35. Nc5
Qf4 36. Nxd7 Qg3+ 37. Kh1 Qxh3+ 38. Kg1 Qxg4+ 39. Kh1 Qh3+ 40. Kg1 Qg3+ 41. Kh1
Qh3+ 1/2-1/2

[Event "32nd ECC Open 2016"]
[Site "Novi Sad SRB"]
[Date "2016.11.10"]
[Round "5.31"]
[Board "4"]
[White "Haigh, Tony"]
[Black "Spencer, Douglas"]
[Result "1/2-1/2"]
[WhiteElo "1810"]
[BlackElo "1961"]
[WhiteTeam "Cardigan"]
[BlackTeam "Abergavenny"]
[WhiteFideId "1802569"]
[BlackFideId "1801082"]
[EventDate "2016.11.06"]

1. d4 d5 2. c4 e6 3. Nc3 c6 4. cxd5 exd5 5. Nf3 Nf6 6. Bg5 Be7 7. e3 Nbd7 8. Qc2
O-O 9. Bd3 Re8 10. O-O Ne4 11. Bxe7 Qxe7 12. a3 f5 13. b4 a6 14. Rfe1 Kh8 15. g3
Qf7 16. Bf1 Qh5 17. Bg2 g5 18. Rac1 Nf8 19. Qe2 Ng6 20. Ne5 Qxe2 21. Nxg6+ hxg6
22. Rxe2 g4 23. Na4 Nd6 24. Nc5 Nc4 25. a4 b6 26. Nd3 Bb7 27. Ra2 g5 28. a5 b5
29. h3 gxh3 30. Bxh3 Bc8 31. Bf1 Ra7 32. Be2 Rh7 33. Kg2 g4 34. Raa1 Kg7 35. Rh1
Reh8 36. Rxh7+ Rxh7 37. Rh1 Rxh1 38. Kxh1 Kf6 39. Kg1 Nd2 40. Ne5 Bb7 41. f3
gxf3 42. Nxf3 Nxf3+ 43. Bxf3 Kg5 1/2-1/2

[Event "32nd ECC Open 2016"]
[Site "Novi Sad SRB"]
[Date "2016.11.10"]
[Round "5.31"]
[Board "5"]
[White "Waterfield, John W"]
[Black "Van Kemenade, Julie"]
[Result "1-0"]
[WhiteElo "1986"]
[BlackElo "1703"]
[WhiteTeam "Abergavenny"]
[BlackTeam "Cardigan"]
[WhiteFideId "407143"]
[BlackFideId "402796"]
[EventDate "2016.11.06"]

1. e4 d6 2. d4 Nf6 3. Nc3 c6 4. f4 Qa5 5. Bd3 e5 6. Nf3 exd4 7. Nxd4 g6 8. Qe2
Nbd7 9. Be3 Bg7 10. O-O-O O-O 11. g4 b5 12. Nxc6 Qc7 13. Ne7+ Kh8 14. g5 Nh5 15.
Nxb5 Qa5 16. Bc4 a6 17. Nxd6 Nc5 18. Qd2 Qc7 19. Nexc8 Raxc8 20. Nxc8 Rxc8 21.
Qd6 Bxb2+ 22. Kxb2 Na4+ 23. Ka1 Qxc4 24. Bd4+ Kg8 25. Qe5 1-0

[Event "32nd ECC Open 2016"]
[Site "Novi Sad SRB"]
[Date "2016.11.10"]
[Round "5.31"]
[Board "6"]
[White "Denham, Colin"]
[Black "Dixon, Chris"]
[Result "1/2-1/2"]
[WhiteElo "1653"]
[BlackElo "1785"]
[WhiteTeam "Cardigan"]
[BlackTeam "Abergavenny"]
[WhiteFideId "1802488"]
[BlackFideId "1801880"]
[EventDate "2016.11.06"]

1. e4 d6 2. d4 Nf6 3. Nc3 g6 4. Nf3 Bg7 5. Be2 O-O 6. O-O e6 7. Bd2 h6 8. Re1
Nc6 9. a3 e5 10. dxe5 dxe5 11. Rb1 Qe7 12. Nd5 Qd6 13. Nxf6+ Qxf6 14. b4 Bg4 15.
h3 Bxf3 16. Bxf3 Nd4 17. Be3 Rfd8 18. Bxd4 Rxd4 19. Qe2 Qc6 20. Red1 Rad8 21.
Rxd4 Rxd4 22. Rd1 Qc3 23. Rd3 Rxd3 24. Qxd3 Qxd3 25. cxd3 Kf8 26. Kf1 Ke7 27.
Bd1 Kd7 28. b5 Bf8 29. a4 Bc5 30. Bb3 f6 31. f3 g5 32. g4 Kd6 33. Ke2 Bd4 34.
Bd5 b6 35. Bb3 c6 36. Bc4 cxb5 37. Bxb5 Kc5 1/2-1/2

[Event "32nd ECC Open 2016"]
[Site "Novi Sad SRB"]
[Date "2016.11.11"]
[Round "6.1"]
[Board "2"]
[White "Andreikin, Dmitry"]
[Black "Giri, Anish"]
[Result "1/2-1/2"]
[WhiteTitle "GM"]
[BlackTitle "GM"]
[WhiteElo "2736"]
[BlackElo "2767"]
[WhiteTeam "Alkaloid"]
[BlackTeam "Syberia"]
[WhiteFideId "4158814"]
[BlackFideId "24116068"]
[EventDate "2016.11.06"]

1. d4 Nf6 2. c4 e6 3. Nc3 Bb4 4. Qc2 d5 5. cxd5 exd5 6. Bg5 h6 7. Bxf6 Qxf6 8.
a3 Bxc3+ 9. Qxc3 O-O 10. Nf3 Bf5 11. e3 Rc8 12. Bd3 Bxd3 13. Qxd3 Nd7 14. O-O c6
15. b4 a6 16. Rfc1 b5 17. Qc3 Nb6 18. Ne5 Nc4 19. a4 Nb6 20. a5 Nc4 21. Nd7 Qd8
22. Nc5 f5 23. Qd3 Qf6 24. Nd7 Qe6 25. Nc5 Qf7 26. Re1 Re8 27. Re2 Re7 28. Rae1
Nd6 29. Qc2 Qf6 30. h3 g6 31. Nd3 Nc4 32. f4 Rae8 33. Ne5 h5 34. g3 g5 35. Rg2
Rg7 36. Qe2 Qh6 37. Kh1 1/2-1/2

[Event "32nd ECC Open 2016"]
[Site "Novi Sad SRB"]
[Date "2016.11.11"]
[Round "6.1"]
[Board "3"]
[White "Grischuk, Alexander"]
[Black "Eljanov, Pavel"]
[Result "1/2-1/2"]
[WhiteTitle "GM"]
[BlackTitle "GM"]
[WhiteElo "2751"]
[BlackElo "2757"]
[WhiteTeam "Syberia"]
[BlackTeam "Alkaloid"]
[WhiteFideId "4126025"]
[BlackFideId "14102951"]
[EventDate "2016.11.06"]

1. e4 e5 2. Nf3 Nc6 3. Bb5 Nf6 4. d3 Bc5 5. c3 O-O 6. O-O d5 7. exd5 Qxd5 8. Bc4
Qd8 9. Nbd2 a5 10. Qe2 Bd6 11. Ng5 h6 12. Nge4 a4 13. Nxf6+ Qxf6 14. Ne4 Qg6 15.
f4 Be6 16. Qf3 exf4 17. Nxd6 Ne5 18. Qe4 cxd6 19. Qxg6 Nxg6 20. Bb5 Rfc8 21. Bd2
d5 22. d4 Bf5 23. Rac1 Be4 24. Bxf4 Nxf4 25. Rxf4 Rc7 26. Bf1 f5 27. Rf2 g5 28.
g3 Kg7 29. a3 Kg6 30. Re1 Rc6 31. Bg2 Re8 32. Bf1 Rb6 33. c4 dxc4 34. Bxc4 Rd8
35. Rd2 Rc8 36. Bf1 Rc2 37. Rxc2 Bxc2 38. Re2 Be4 39. g4 h5 40. gxf5+ Kxf5 41.
Rf2+ Kg4 42. Be2+ Kh4 43. Bd1 Rd6 44. Rd2 b5 45. Be2 Rd5 46. Kf2 Rf5+ 47. Ke3
Bb7 48. Bd3 Rf3+ 49. Ke2 Rh3 50. Ke1 Bc6 51. Bf1 Re3+ 52. Kf2 Rf3+ 53. Kg1 Rf4
54. d5 Bd7 55. d6 b4 56. Rd5 Rg4+ 57. Kf2 Rf4+ 58. Kg1 Rg4+ 59. Kf2 Rf4+ 1/2-1/2

[Event "32nd ECC Open 2016"]
[Site "Novi Sad SRB"]
[Date "2016.11.11"]
[Round "6.1"]
[Board "4"]
[White "Jakovenko, Dmitry"]
[Black "Tomashevsky, Evgeny"]
[Result "1/2-1/2"]
[WhiteTitle "GM"]
[BlackTitle "GM"]
[WhiteElo "2709"]
[BlackElo "2722"]
[WhiteTeam "Alkaloid"]
[BlackTeam "Syberia"]
[WhiteFideId "4122356"]
[BlackFideId "4147235"]
[EventDate "2016.11.06"]

1. d4 Nf6 2. c4 e6 3. Nf3 b6 4. a3 Bb7 5. Nc3 d5 6. cxd5 Nxd5 7. Qc2 Nxc3 8.
bxc3 c5 9. e4 Nd7 10. Bf4 cxd4 11. cxd4 Rc8 12. Qb3 Be7 13. Bd3 Nf6 14. Qb5+ Bc6
15. Qb1 O-O 16. O-O Ba4 17. Re1 Qd7 18. Bd2 h6 19. Qb2 Rfd8 20. Bb4 Rc7 21. Qd2
Rdc8 22. Ba6 Rd8 23. Bd3 Rdc8 24. Ba6 Rd8 1/2-1/2

[Event "32nd ECC Open 2016"]
[Site "Novi Sad SRB"]
[Date "2016.11.11"]
[Round "6.1"]
[Board "5"]
[White "Korobov, Anton"]
[Black "Yu, Yangyi"]
[Result "1/2-1/2"]
[WhiteTitle "GM"]
[BlackTitle "GM"]
[WhiteElo "2689"]
[BlackElo "2721"]
[WhiteTeam "Syberia"]
[BlackTeam "Alkaloid"]
[WhiteFideId "14105730"]
[BlackFideId "8603820"]
[EventDate "2016.11.06"]

1. c4 Nf6 2. Nc3 c5 3. g3 d5 4. cxd5 Nxd5 5. Bg2 Nxc3 6. bxc3 e5 7. d3 Nc6 8.
Nf3 Be7 9. O-O O-O 10. Rb1 Rb8 11. Nd2 Be6 12. Bxc6 bxc6 13. Rxb8 Qxb8 14. Qa4
a5 15. Ba3 Qb5 16. Qc2 a4 17. Rb1 Qa5 18. c4 Ra8 19. Bb2 f6 20. Bc3 Qd8 21. Qb2
Qe8 22. Ne4 Bf5 23. f3 Bxe4 24. dxe4 Bd6 25. Qc2 Qf7 26. Bd2 Bf8 27. Be3 Qc7 28.
Kf2 h6 29. Qb2 a3 30. Qc2 Kh7 31. Rb3 Ra4 32. Bc1 Qf7 33. Rc3 Qa7 34. Qd3 Qf7
35. Be3 Rb4 36. h4 Qe6 37. Kg2 Qf7 38. Bd2 Ra4 39. h5 Ra7 40. Be3 Ra4 41. g4 Rb4
42. Kf2 Ra4 43. Qd8 Rb4 44. Qa8 f5 45. exf5 Qf6 46. Qxa3 Bd6 47. Ke1 e4 48. f4
Qh4+ 49. Kd2 Qxg4 50. f6 Bxf4 51. fxg7 Be5 52. g8=Q+ Kxg8 53. Rb3 Qd7+ 54. Ke1
Bg3+ 55. Bf2 Bf4 56. Rxb4 Bd2+ 57. Kf1 cxb4 58. Qg3+ Bg5 59. Kg2 Kh7 60. Qh3 Qf7
61. Bd4 e3 62. Qg3 c5 63. Bb2 Bf4 64. Qf3 Qg8+ 65. Kf1 Qf7 66. Ke1 Qd7 67. Qe4+
Kg8 68. Qg6+ Kf8 69. Qf6+ Ke8 70. Qh8+ Ke7 71. Qg7+ Ke8 72. Qg8+ Ke7 73. Qh7+
Kd8 74. Qxd7+ Kxd7 75. Kf1 Ke6 76. Bg7 Kf7 77. Bb2 Ke6 78. Bg7 Kf7 79. Bb2 Ke6 1/2-1/2

[Event "32nd ECC Open 2016"]
[Site "Novi Sad SRB"]
[Date "2016.11.11"]
[Round "6.1"]
[Board "6"]
[White "Kryvoruchko, Yuriy"]
[Black "Rublevsky, Sergei"]
[Result "1/2-1/2"]
[WhiteTitle "GM"]
[BlackTitle "GM"]
[WhiteElo "2702"]
[BlackElo "2689"]
[WhiteTeam "Alkaloid"]
[BlackTeam "Syberia"]
[WhiteFideId "14109182"]
[BlackFideId "4115309"]
[EventDate "2016.11.06"]

1. e4 c5 2. Nf3 e6 3. d4 cxd4 4. Nxd4 Nc6 5. Nc3 a6 6. Nxc6 bxc6 7. Bd3 Qc7 8.
O-O Nf6 9. Qe2 d5 10. b3 Be7 11. Bb2 O-O 12. Rae1 Bb7 13. Kh1 Rfe8 14. f4 g6 15.
e5 Nd7 16. f5 exf5 17. Bxf5 Bf8 18. Bxd7 Qxd7 19. Na4 Qc7 20. Qf2 Bg7 21. Bd4
Bc8 22. Nb6 Rb8 23. Nxc8 Rbxc8 24. Re3 Re7 25. Rf3 c5 26. Rc3 Qd7 27. e6 Rxe6
28. Bxg7 Kxg7 29. Rxc5 Rxc5 30. Qxc5 Re4 31. h3 h5 32. Rd1 Qf5 33. c4 dxc4 34.
Qxf5 gxf5 35. bxc4 Rxc4 36. Rd5 Ra4 1/2-1/2

[Event "32nd ECC Open 2016"]
[Site "Novi Sad SRB"]
[Date "2016.11.11"]
[Round "6.2"]
[Board "1"]
[White "Svidler, Peter"]
[Black "Postny, Evgeny"]
[Result "1/2-1/2"]
[WhiteTitle "GM"]
[BlackTitle "GM"]
[WhiteElo "2742"]
[BlackElo "2616"]
[WhiteTeam "Mednyi Vsadnik"]
[BlackTeam "Beer Sheva Chess Club"]
[WhiteFideId "4102142"]
[BlackFideId "2804344"]
[EventDate "2016.11.06"]

1. e4 e5 2. Nf3 Nc6 3. Bb5 a6 4. Ba4 Nf6 5. O-O Be7 6. Re1 b5 7. Bb3 d6 8. a4 b4
9. d4 O-O 10. dxe5 dxe5 11. Nbd2 Bc5 12. a5 h6 13. h3 Qe7 14. Bd5 Bb7 15. Nb3
Rad8 16. Qd3 Ba7 17. c4 Nb8 18. Nh4 Nxd5 19. Nf5 Qf6 20. cxd5 c6 21. d6 Bc8 22.
Rd1 Bxf5 23. exf5 Bd4 24. Be3 Rxd6 25. Bxd4 exd4 26. Nc5 Rd5 27. Nxa6 Nxa6 28.
Qxa6 Qxf5 29. Qxc6 Rxa5 30. Rxa5 Qxa5 31. Qc4 1/2-1/2

[Event "32nd ECC Open 2016"]
[Site "Novi Sad SRB"]
[Date "2016.11.11"]
[Round "6.2"]
[Board "2"]
[White "Roiz, Michael"]
[Black "Dominguez Perez, Leinier"]
[Result "1/2-1/2"]
[WhiteTitle "GM"]
[BlackTitle "GM"]
[WhiteElo "2605"]
[BlackElo "2752"]
[WhiteTeam "Beer Sheva Chess Club"]
[BlackTeam "Mednyi Vsadnik"]
[WhiteFideId "2804158"]
[BlackFideId "3503240"]
[EventDate "2016.11.06"]

1. Nf3 Nf6 2. c4 c5 3. Nc3 Nc6 4. g3 g6 5. d4 cxd4 6. Nxd4 Bg7 7. Bg2 O-O 8. O-O
Qa5 9. e3 d6 10. Bd2 Qb6 11. Nxc6 bxc6 12. b3 Bb7 13. Qe2 Nd7 14. Na4 Qc7 15.
Bc3 Bxc3 16. Nxc3 a5 17. a3 Rfb8 18. b4 axb4 19. axb4 Qb6 20. Rxa8 Rxa8 21. Rb1
Ne5 22. c5 dxc5 23. bxc5 Qc7 24. Qb2 Ra7 25. Ne2 Bc8 26. Nd4 Rb7 27. Qa1 Rxb1+
28. Qxb1 Qa7 29. Nxc6 Nxc6 30. Bxc6 Qxc5 31. Bg2 1/2-1/2